|
|
|
|
| LEADER |
00000nam1a2200000 4500 |
| 001 |
148610 |
| 005 |
20231031145534.0 |
| 035 |
|
|
|a (RuTPU)RU\TPU\book\161120
|
| 090 |
|
|
|a 148610
|
| 100 |
|
|
|a 20081204d1962 m y0rusy50 ca
|
| 101 |
0 |
|
|a rus
|
| 102 |
|
|
|a RU
|
| 200 |
1 |
|
|a Расчет и конструирование гусеничных машин
|e учебное пособие
|f А. Д. Крюков
|g Ленинградский политехнический институт им. М. И. Калинина (ЛПИ)
|
| 210 |
|
|
|a Ленинград
|c Изд-во ЛПИ
|d 1962
|
| 700 |
|
1 |
|a Крюков
|b А. Д.
|g Алексей Дмитриевич
|
| 712 |
0 |
2 |
|a Ленинградский политехнический институт им. М. И. Калинина (ЛПИ)
|2 stltpush
|3 (RuTPU)RU\TPU\col\2601
|
| 801 |
|
1 |
|a RU
|b 63413507
|c 20081204
|g PSBO
|
| 942 |
|
|
|c BK
|